[Event "GER-chT North U14"]
[Site "Magdeburg"]
[Date "2012.09.08"]
[Round "5.3"]
[White "Lenz, Finn Thore"]
[Black "Laewen, Tim"]
[Result "1-0"]
[WhiteElo "1164"]
[BlackElo "1496"]
[PlyCount "79"]
[EventDate "2012.09.06"]
[EventType "team-swiss"]
[EventRounds "7"]
[EventCountry "GER"]
[SourceTitle "EXT 2015"]
[Source "ChessBase"]
[SourceDate "2014.11.20"]
[SourceVersion "1"]
[SourceVersionDate "2014.11.20"]
[SourceQuality "1"]
[WhiteTeam "Hamburg Koenigsspringer"]
[BlackTeam "Granschuetz Gruen Weiss"]
[WhiteTeamCountry "GER"]
[BlackTeamCountry "GER"]

1. e4 e5 2. Nf3 Nc6 3. c3 Nf6 4. Qc2 d6 5. Bc4 Be7 6. d3 h6 7. Nbd2 a6 8. Nf1 0-0 9. Ng3 Na5 10. Bb3 Nxb3 11. Qxb3 b5 12. 0-0 c5 13. Bd2 Qc7 14. Qd1 Re8 15. Qc1 Bf8 16. Nh4 Kh8 17. f4 exf4 18. Rxf4 Ng8 19. Nhf5 Bxf5 20. Nxf5 Rad8 21. Rh4 d5 22. Bg5 Rd7 23. exd5 Rxd5 24. Re4 Rde5 25. Bf4 Nf6 26. Rxe5 Rxe5 27. Bxe5 Qxe5 28. Ng3 Bd6 29. Qe1 Qf4 30. Qf2 Qe5 31. Re1 Qd5 32. Ne4 Bxh2+ 33. Kh1 Qh5 34. Qf3 Qh4 35. Rd1 Bg3+ 36. Kg1 Nxe4 37. dxe4 Bh2+ 38. Kf1 f6 39. Rd8+ Kh7 40. Qf5+ 1-0